| 000 | 00698nam a2200217Ia 4500 | ||
|---|---|---|---|
| 003 | GCL | ||
| 008 | 140319s9999 xx 000 0 ara d | ||
| 040 |
_aGCL / _cGCL |
||
| 082 | 0 | 4 |
_aق _b320.53162 _bر ت |
| 100 | 1 | _aرفعت السيد | |
| 245 | 1 | 0 |
_aتاريخ الحركة الاشتراكية فى مصر 1900 - 1925 / _cرفعت السيد |
| 300 | _a310 ص | ||
| 490 |
_aالهيئة العامة للاستعلامات _v0 |
||
| 650 | 0 | 4 | _aالاحوال السياسية |
| 650 | 0 | 4 | _aالاشتراكية |
| 650 | 0 | 4 | _aالسياسة |
| 650 | 0 | 4 | _aحركات التحرير |
| 650 | 0 | 4 | _aالسياسية |
| 650 | 0 | 4 | _aالاشتراكية - مصر (1952-1900) |
| 942 |
_2ddc _cBK |
||
| 999 |
_c49843 _d49843 |
||